LEADER 00861nam0-22003131i-450- 001 990001329250403321 010 $a0-7923-9259-0 035 $a000132925 035 $aFED01000132925 035 $a(Aleph)000132925FED01 035 $a000132925 100 $a20000920d1992----km-y0itay50------ba 101 0 $aeng 200 1 $aAlgorithms for computer algebra$fK. O. Geddes, S. R. Czapor, G. Labahn. 210 $aBoston [MA]$cKluwer$dc1992. 215 $axviii, 585 p.$d24 cm 610 0 $aCalcolo simbolico 676 $a512.00285 700 1$aGeddes,$bK.O.$060385 702 1$aCzapor,$bS.R. 702 1$aLabahn,$bGeorge 801 0$aIT$bUNINA$gRICA$2UNIMARC 901 $aBK 912 $a990001329250403321 952 $a124-I-21$b11703$fMA1 959 $aMA1 996 $aAlgorithms for computer algebra$9376451 997 $aUNINA DB $aING01 LEADER 00868nam0-22003131i-450- 001 990000477400403321 005 20070514163823.0 010 $a5-03-000220-0 035 $a000047740 035 $aFED01000047740 035 $a(Aleph)000047740FED01 035 $a000047740 100 $a20020821d1988----km-y0itay50------ba 101 1 $aeng$crus 105 $aa-------001yy 200 1 $a<>course of differential geometry and topology$fA. Mishchenko, A. Fomenko 210 $aMosca$cMIR$dc1988 215 $a455 p.$cill.$d22 cm 610 0 $aGeometria differenziale 610 0 $aTopologia 676 $a516.36 700 1$aMishchenko,$bA. 701 1$aFomenko,$bAnatolij Timofeevic$f<1945- > 801 0$aIT$bUNINA$gRICA$2UNIMARC 901 $aBK 912 $a990000477400403321 952 $a10 B II 413$b897 DE$fDINEL 959 $aDINEL 997 $aUNINA LEADER 01257nam a2200301 i 4500 001 991001694279707536 005 20020502195939.0 008 950307s1986 it ||| | ita 035 $ab10892448-39ule_inst 035 $aLE02374669$9ExL 040 $aDip.to Studi Storici$bita 082 0 $a751.6 082 0 $a759.5 100 1 $aConti, Alessandro$0312239 245 10$aMichelangelo e la pittura a fresco :$btecnica e conservazione della Volta Sistina /$cAlessandro Conti ; prefazione di Toti Scialoja 260 $aFirenze :$bLa Casa Usher,$cc1986 300 $a218 p. :$bill. (alcune col.) ;$c24 cm. 500 $aBibliografia: p. 209-211. 650 4$aAffreschi$yRinascimento - Cittą del Vaticano$xConservazione e restauro 650 4$aCappella Sistina - Cittą del Vaticano 650 4$aMichelangelo Buonarroti$y1475-1564 - Affreschi - Cappella Sistina 650 4$aRestauro - Affreschi - Cappella Sistina 907 $a.b10892448$b02-04-14$c28-06-02 912 $a991001694279707536 945 $aLE023 759.5 MIC 1 2$g1$i2023000019450$lle023$o-$pE0.00$q-$rn$sm $t0$u0$v0$w0$x0$y.i10999218$z28-06-02 996 $aMichelangelo e la pittura a fresco$9917194 997 $aUNISALENTO 998 $ale023$b01-01-95$cm$da $e-$fita$git $h0$i1